000 00421nam a2200145Ia 4500
008 100122s9999 xx 000 0 und d
082 _b50903
_a823
100 _aझणकर अजेय
245 _aसरकारनामा
260 _bग्रंथाली प्रकाशन
_c1994
300 _a172
630 _aसरकारनामा
730 _aसरकारनामा
942 _cBOOK
999 _c428482
_d428479